[Event "Bayer op"]
[Site "Leverkusen"]
[Date "1997.10.03"]
[Round "4"]
[White "Franz, Gerhard"]
[Black "Christiansen, Larry Mark"]
[Result "0-1"]
[WhiteElo "2155"]
[BlackElo "2550"]

1.d4 Nf6 2.c4 e6 3.Nc3 Bb4 4.Qc2 O-O 5.Nf3 c5 6.dxc5 Na6 7.e3 Nxc5 8.Bd2 b6
9.a3 Bxc3 10.Bxc3 Bb7 11.b4 Nce4 12.Bd3 Nxc3 13.Qxc3 Rc8 14.Qd4 d6 15.e4 Ba6
16.b5 Bb7 17.O-O Qc7 18.Rfe1 Nd7 19.Nd2 h6 20.Re3 Nf6 21.h3 Qe7 22.Qb2 Nd7
23.f4 g6 24.Kh2 Kh7 25.g4 Qf6 26.Qxf6 Nxf6 27.Bf1 Kg7 28.Bg2 e5 29.f5 gxf5
30.exf5 Bxg2 31.Kxg2 d5 32.Nf3 e4 33.Ne5 Rc5 34.Nc6 Re8 35.cxd5 Nxd5 36.Ree1 Nf4+  0-1

[Event "Bayer op"]
[Site "Leverkusen"]
[Date "1997.10.04"]
[Round "5"]
[White "Christiansen, Larry Mark"]
[Black "Mainka, Romuald"]
[Result "1/2-1/2"]
[WhiteElo "2550"]
[BlackElo "2520"]

1.d4 f5 2.g3 Nf6 3.Bg2 g6 4.c3 Bg7 5.Qb3 Na6 6.Nd2 c5 7.Nh3 cxd4 8.cxd4 Nc7
9.O-O d6 10.Bxb7 Bxb7 11.Qxb7 O-O 12.Nf3 Qd7 13.Qb3+ Ncd5 14.Qd3 Rab8 15.Nf4 Nxf4
16.Bxf4 Rxb2 17.Rab1 Rxb1 18.Rxb1 h6 19.Qc4+ Kh7 20.h4 Rc8 21.Qf7 Rf8 22.Qb3 Qc6
23.Qb7 Qe4 24.Qxe4 fxe4 25.Nd2 Rc8 26.Rb7 Rc2 27.Rxa7 Nd5 28.Nxe4 Rxe2 29.Be3 Nxe3
30.fxe3 d5 31.Nc3 Rxe3 32.Nxd5 Bxd4 33.Rd7 Rxg3+ 34.Kh2 Ra3 35.Rxe7+  1/2-1/2

[Event "Bayer op"]
[Site "Leverkusen"]
[Date "1997.10.04"]
[Round "6"]
[White "Heiling, Thomas"]
[Black "Christiansen, Larry Mark"]
[Result "0-1"]
[WhiteElo "2205"]
[BlackElo "2550"]

1.d4 Nf6 2.c4 e6 3.Nc3 Bb4 4.Bg5 h6 5.Bh4 c5 6.d5 d6 7.e3 e5 8.Bd3 Bxc3+
9.bxc3 Qe7 10.Ne2 Nbd7 11.f3 e4 12.fxe4 Ne5 13.O-O g5 14.Bg3 Nxd3 15.Qxd3 Nxe4
16.Be1 Bd7 17.Ng3 Nxg3 18.Bxg3 f5 19.e4 fxe4 20.Qe2 O-O-O 21.Rae1 Rhf8 22.Rxf8 Qxf8
23.Qxe4 Re8 24.Qb1 Rxe1+ 25.Qxe1 b6 26.Qe4 Qf6 27.h3 Kc7 28.Kh2 h5 29.h4 gxh4
30.Bxh4 Qxc3 31.Bg3 Qf6 32.Qh7 h4 33.Bxh4 Qf4+ 34.Bg3 Qxc4 35.Qg8 Qxa2 36.Bh4 Qa4
37.Qd8+ Kb7 38.Bg3 Qg4 39.Bxd6 Ka6 40.Bb8 Qh5+ 41.Kg3 Qxd5 42.Qc7 Qb7 43.Qe5 Qc6
44.Qa1+ Qa4 45.Qxa4+ Bxa4 46.Kf4 Kb7 47.Be5 Kc6 48.Ke3 Bc2 49.Kd2 Bg6 50.Kc3 b5
51.Kb3 b4 52.Bh8 Kb5 53.Bg7 a5  0-1

[Event "WchT 4th"]
[Site "Luzern"]
[Date "1997.10.25"]
[Round "1"]
[White "Romanishin, Oleg M"]
[Black "Christiansen, Larry Mark"]
[Result "1/2-1/2"]
[WhiteElo "2550"]
[BlackElo "2550"]

1.d4 Nf6 2.Nf3 e6 3.g3 b5 4.Bg2 Bb7 5.Bg5 c5 6.c3 Na6 7.Bxf6 Qxf6 8.O-O Qd8
9.Na3 Rb8 10.c4 bxc4 11.Nxc4 Be7 12.dxc5 O-O 13.a3 Nxc5 14.b4 Ne4 15.Rc1 d5
16.Na5 Bf6 17.Nd4 Qb6 18.e3 Rbc8 19.Nxb7 Qxb7 20.Bxe4 dxe4 21.Rc5 Rcd8 22.Qa1 Rd7
23.Rfc1 Rfd8 24.Qc3 Bxd4 25.exd4 h6 26.Rc7 Qd5 27.Rxd7 Qxd7 28.Qe3 f5 29.Rc4 Kh7
30.Qc1 Qa4 31.Kg2 Rd7 32.h4 Qb3 33.Qc3 Qd1 34.Qe3 e5 35.dxe5 Rd3 36.Rc1 Qh5
37.Qf4 Rf3 38.Qd2 Rxa3 39.Rc3 Ra6 40.b5 Re6 41.Qf4 Re7 42.Rc5 Qg4 43.Qxg4 fxg4
44.h5 g6 45.hxg6+ Kxg6  1/2-1/2

[Event "WchT 4th"]
[Site "Luzern"]
[Date "1997.10.29"]
[Round "5"]
[White "Christiansen, Larry Mark"]
[Black "Borges Mateos, Juan"]
[Result "1/2-1/2"]
[WhiteElo "2550"]
[BlackElo "2480"]

1.e4 e6 2.d4 d5 3.Nc3 Nf6 4.e5 Nfd7 5.f4 c5 6.Nf3 Nc6 7.Be3 Be7 8.Be2 a6
9.O-O O-O 10.Kh1 b5 11.a3 Bb7 12.Qe1 f5 13.exf6 Rxf6 14.Rd1 Qc7 15.dxc5 Bxc5
16.Bxc5 Nxc5 17.b4 Ne4 18.Nxe4 dxe4 19.Ng5 Ne7 20.Bg4 Bd5 21.Bxe6+ Bxe6 22.Qxe4 Qc6
23.Qxh7+ Kf8 24.Qh8+ Ng8 25.Nh7+ Kf7 26.Ng5+ Kf8 27.Nh7+ Kf7 28.Ng5+ Kf8
29.Nh7+  1/2-1/2

[Event "New York op"]
[Site "New York"]
[Date "1997.??.??"]
[Round "?"]
[White "Morovic Fernandez, Ivan"]
[Black "Christiansen, Larry Mark"]
[Result "1/2-1/2"]
[WhiteElo "2580"]
[BlackElo "2560"]

1.e4 e5 2.Nf3 Nc6 3.Bb5 a6 4.Ba4 Nf6 5.O-O Bc5 6.c3 b5 7.Bc2 d6 8.d4 Bb6
9.h3 O-O 10.Be3 Bb7 11.Nbd2 Re8 12.d5 Ne7 13.Bxb6 cxb6 14.c4 bxc4 15.Nxc4 b5
16.Ne3 Ng6 17.a4 Qb6 18.Qd2 Reb8 19.axb5 axb5 20.g3 h6 21.b4 Bc8 22.Kg2 Bd7
23.Bd3 Ra4 24.Rxa4 bxa4 25.Nc4 Qd8 26.Rb1 Nh5 27.Ne3 a3 28.Ra1 Ra8 29.Kh2 Nf6
30.Nc4 Bb5 31.Nxa3 Bxd3 32.Qxd3 Qb6 33.Kg2 Qxb4 34.Nc2 Qb7 35.Rxa8+ Qxa8
36.Ne3 Ne7 37.Nd2 Qa4 38.Ndc4 Qb4 39.Qc2 g6 40.f3 h5 41.h4 Kg7 42.Qa2 Qe1
43.Qd2 Qxd2+ 44.Nxd2 Nd7 45.Ndc4 Nc8 46.Kf2 Kf6 47.g4 hxg4 48.fxg4 Nc5 49.Kf3 Nb3
50.g5+ Ke7  1/2-1/2

[Event "SWZ-chT9697"]
[Site "SWZ"]
[Date "1997.??.??"]
[Round "?"]
[White "Christiansen, Larry Mark"]
[Black "Nemet, Ivan"]
[Result "1-0"]
[WhiteElo "2560"]
[BlackElo "2410"]

1.e4 d5 2.exd5 Qxd5 3.Nc3 Qa5 4.Nf3 Nf6 5.d4 c6 6.Bd2 Qc7 7.h3 Be6 8.Bd3 Nbd7
9.O-O Bd5 10.Nxd5 cxd5 11.Rc1 Qb6 12.c4 g6 13.c5 Qc7 14.Qa4 Bg7 15.Ba5 Qc8
16.c6 bxc6 17.Rxc6 Qb8 18.Bc7  1-0

[Event "SWZ-chT9697"]
[Site "SWZ"]
[Date "1997.??.??"]
[Round "?"]
[White "Christiansen, Larry Mark"]
[Black "Franzoni, Giancarlo"]
[Result "1-0"]
[WhiteElo "2560"]
[BlackElo "2455"]

1.e4 c5 2.Nf3 e6 3.b3 Nc6 4.Bb2 d6 5.d4 cxd4 6.Nxd4 e5 7.Nxc6 bxc6 8.Bd3 Nf6
9.O-O Be7 10.Nd2 O-O 11.Kh1 Be6 12.f4 Ng4 13.Nc4 Bxc4 14.Qxg4 Bxd3 15.cxd3 Bf6
16.fxe5 dxe5 17.Rf3 Re8 18.Raf1 Re6 19.Rh3 Qe7 20.Qh5 h6 21.Bc1 a5 22.g4 Ra7
23.Rhf3 a4 24.bxa4 Qb4 25.g5 hxg5 26.Rh3 Kf8 27.Qh8+ Ke7 28.Qc8 g6 29.Bxg5 Bxg5
30.Rxf7+ Kd6 31.Rf1 Qb7 32.Qf8+ Qe7 33.Qb8+ Qc7 34.Qb3 Rf6 35.Rd1 c5 36.Qd5+ Ke7
37.Rh7+ Kf8 38.Rxc7 Rxc7 39.Qd8+  1-0

[Event "SWZ-chT9697"]
[Site "SWZ"]
[Date "1997.??.??"]
[Round "?"]
[White "King, Daniel J"]
[Black "Christiansen, Larry Mark"]
[Result "1/2-1/2"]
[WhiteElo "2535"]
[BlackElo "2560"]

1.c4 e5 2.Nc3 Nf6 3.e3 Nc6 4.Nf3 Bb4 5.Qc2 Bxc3 6.Qxc3 Qe7 7.a3 d5 8.d4 exd4
9.Nxd4 Nxd4 10.Qxd4 c5 11.Qf4 O-O 12.Be2 dxc4 13.Bxc4 Be6 14.O-O Rfd8 15.b3 Bxc4
16.Qxc4 Ne4 17.Qe2 Rac8 18.f3 Nd6 19.e4 Nb5 20.Be3 Nd4 21.Qb2 Qe5 22.Bxd4 cxd4
23.Rad1 Rd6 24.Rd3 Rc3 25.Rfd1 h6 26.Qd2 Qc5 27.b4 Qb6 28.Qf2 Rc4 29.h3 Qd8
30.e5 Rd5 31.f4 Qd7 32.Qf3 Qe6 33.Kh2 Rd7 34.Qe4 f5 35.Qf3 Kh7 36.R1d2 Rd5
37.g4 Rd7 38.gxf5 Qxf5 39.Qg4 g6 40.e6 Re7 41.Qxf5 gxf5 42.Rxd4 Rxd4 43.Rxd4 Rxe6
44.Rd7+ Kg6 45.Rxb7 Ra6 46.b5 Rxa3 47.b6 axb6 48.Rxb6+ Kh5 49.Rf6 Rxh3+  1/2-1/2

[Event "SWZ-chT9697"]
[Site "SWZ"]
[Date "1997.??.??"]
[Round "?"]
[White "Gavrikov, Viktor"]
[Black "Christiansen, Larry Mark"]
[Result "1/2-1/2"]
[WhiteElo "2590"]
[BlackElo "2560"]

1.Nf3 Nf6 2.c4 e6 3.g3 d5 4.Bg2 dxc4 5.Qa4+ Bd7 6.Qxc4 Nc6 7.O-O Rc8 8.d4 Na5
9.Qd3 c5 10.dxc5 Bxc5 11.Ne5 Nc6 12.Nxd7 Qxd7 13.Qxd7+ Kxd7 14.Nc3 Rhd8 15.Bd2 Ke7
16.Rfd1 a6 17.Rac1 Ba7 18.h3 h6 19.Kf1 Rc7 20.Na4 Rd4 21.Nc3 Rcd7 22.Bxc6 bxc6
23.Be3 Rxd1+ 24.Nxd1 c5 25.Nc3 Nd5 26.Nxd5+ Rxd5 27.Rc4 a5 28.Ke1 Kd7 29.Ra4 Bb6
30.Bd2 Kc6 31.Bc3 g6 32.g4 h5 33.Rf4 hxg4 34.hxg4 Rd7 35.b3  1/2-1/2

[Event "VISA GP"]
[Site "Reykjavik"]
[Date "1998.03.18"]
[Round "9"]
[White "Sokolov, Ivan"]
[Black "Christiansen, Larry Mark"]
[Result "1/2-1/2"]
[WhiteElo "2625"]
[BlackElo "2575"]

1.d4 e6 2.c4 Nf6 3.Nc3 Bb4 4.e3 O-O 5.Bd3 c5 6.Nf3 d5 7.O-O dxc4 8.Bxc4 cxd4
9.exd4 a6 10.Bg5 b5 11.Bd3 Bb7 12.Rc1 Nbd7 13.Bb1 Rc8 14.Re1 Be7 15.a3 Re8
16.Qd3 Nf8 17.Rcd1 Qb6 18.h4 Rcd8 19.Ne5 Rd6 20.Be3 Bd5 21.Qe2 Qb7 22.Nxd5 Nxd5
23.Qh5 Bf6 24.Be4 Qe7 25.Bg5 Ng6 26.g3 Qa7 27.Qf3 Bxg5 28.hxg5 Red8 29.Kg2 Ndf4+
30.Kf1 Nd5 31.Rc1 Rf8 32.Red1 Nde7 33.Qc3 Qb8 34.Nf3 b4 35.Qxb4 Qxb4 36.axb4 Rb6
37.Rc4 Rfb8 38.Ra1 f5 39.gxf6 gxf6 40.b5 f5 41.Bc2 axb5 42.Rc5 Rd8 43.Bb3 Kg7
44.Ra7 Kf6 45.Ke2 Rdd6 46.Ra5 Nc6 47.Raxb5 Rxb5 48.Rxb5 Rxd4 49.Rb6 Re4+
50.Kf1 Nge7 51.Kg2 Rb4 52.Rxb4  1/2-1/2

[Event "San Francisco Mechanics"]
[Site "San Francisco"]
[Date "1998.07.15"]
[Round "6"]
[White "Atalik, Suat"]
[Black "Christiansen, Larry Mark"]
[Result "0-1"]
[WhiteElo "2595"]
[BlackElo "2575"]

1.d4 Nf6 2.c4 e6 3.Nc3 Bb4 4.Qc2 O-O 5.a3 Bxc3+ 6.Qxc3 h6 7.Nf3 b6 8.b3 Bb7
9.Bb2 d6 10.e3 Nbd7 11.Be2 Ne4 12.Qc2 f5 13.O-O Ng5 14.Qd1 Qe7 15.Kh1 Rae8
16.Rc1 f4 17.exf4 Rxf4 18.Nxg5 Qxg5 19.f3 Rh4 20.Qe1 Nf6 21.g3 Rh3 22.Kg1 e5
23.dxe5 dxe5 24.Rf2 e4 25.Bxf6 Qxf6 26.fxe4 Qg6 27.Qf1 Rh4 28.Bd3 Bxe4 29.Re1 Qxg3+
30.Rg2 Qd6 31.Qe2 Qd4+ 32.Qf2 Qxf2+ 33.Kxf2 Rf8+ 34.Kg3 Bxg2 35.Kxh4 Rf4+
36.Kg3 Rf3+ 37.Kxg2 Rxd3 38.Re8+ Kh7 39.b4 Rc3 40.Rb8 Rxc4 41.Rb7 a6  0-1

[Event "Carlos Torre op 11th"]
[Site "Merida"]
[Date "1998.12.16"]
[Round "2"]
[White "Hernandez, Yadira"]
[Black "Christiansen, Larry Mark"]
[Result "0-1"]
[WhiteElo "2220"]
[BlackElo "2610"]

1.d4 Nf6 2.Nf3 c5 3.d5 g6 4.c4 b5 5.Nc3 b4 6.Nb1 Bg7 7.Qc2 O-O 8.e4 d6 9.Bd3 e6
10.O-O Nbd7 11.a4 exd5 12.cxd5 a5 13.Nbd2 Nb6 14.Nc4 Nxc4 15.Bxc4 Re8 16.Re1 Bg4
17.Bg5 Bxf3 18.gxf3 Qc8 19.Re3 Nh5 20.Bf1 h6 21.Bh4 Be5 22.Bg3 Qd8 23.Rd1 Qf6
24.b3 Nf4 25.Bg2 Kh8 26.Qc4 h5 27.Bxf4 Qxf4 28.h3 Qh2+ 29.Kf1 Bf4 30.e5 Bxe3
31.fxe3 Rxe5 32.e4 Rae8 33.Qc1 Kg7 34.Re1 Qg3 35.f4 Qd3+ 36.Kf2 Rxe4 37.Rxe4 Rxe4
38.Bxe4 Qxe4 39.Qb2+ Qd4+  0-1

[Event "Carlos Torre op 11th"]
[Site "Merida"]
[Date "1998.12.19"]
[Round "5"]
[White "Christiansen, Larry Mark"]
[Black "Hickl, Joerg"]
[Result "1-0"]
[WhiteElo "2610"]
[BlackElo "2540"]

1.e4 d6 2.d4 Nf6 3.Nc3 g6 4.f4 Bg7 5.Nf3 O-O 6.Be2 e6 7.O-O b6 8.e5 Nd5 9.Nxd5 exd5
10.Be3 Nc6 11.Qd2 Bf5 12.Rae1 dxe5 13.fxe5 f6 14.Bb5 Na5 15.exf6 Bxf6 16.Bh6 Bg7
17.Bxg7 Kxg7 18.Ng5 Qd6 19.b4 Nc4 20.Bxc4 dxc4 21.d5 h5 22.Qd4+ Kh6 23.h4 Rad8
24.Qxc4 Rd7 25.Qd4 Re7 26.Ne6 Rfe8 27.Rxf5 gxf5 28.Qf6+ Kh7 29.Qxf5+  1-0

[Event "World op"]
[Site "Philadelphia"]
[Date "1998.??.??"]
[Round "9"]
[White "Hernandez, Gilberto"]
[Black "Christiansen, Larry Mark"]
[Result "1/2-1/2"]
[WhiteElo "2525"]
[BlackElo "2575"]

1.e4 c5 2.Nf3 e6 3.d4 cxd4 4.Nxd4 a6 5.Bd3 Nf6 6.O-O d6 7.c4 Bd7 8.Nc3 Nc6
9.Be3 Be7 10.f4 O-O 11.Kh1 Nxd4 12.Bxd4 Bc6 13.Qe2 Nd7 14.Rad1 e5 15.Be3 exf4
16.Bxf4 Qa5 17.Nd5 Bxd5 18.exd5 Rae8 19.Qc2 h6 20.Bf5 Nf6 21.a3 Nh5 22.b4 Qd8
23.Bc1 Bg5 24.Bb2 Bf6 25.Bc1 Bg5 26.Bb2 Bf6 27.Bc1 Bg5  1/2-1/2

[Event "Julian Borowski GM"]
[Site "Essen"]
[Date "1999.03.27"]
[Round "1"]
[White "Christiansen, Larry Mark"]
[Black "Zvjaginsev, Vadim"]
[Result "1/2-1/2"]
[WhiteElo "2581"]
[BlackElo "2658"]

1.d4 d5 2.c4 e6 3.Nc3 c6 4.Nf3 Nf6 5.Bg5 h6 6.Bxf6 Qxf6 7.e3 Bb4 8.Qb3 Qe7
9.a3 Ba5 10.cxd5 exd5 11.Bd3 O-O 12.O-O Bc7 13.Rac1 Bg4 14.Ne5 Bxe5 15.dxe5 Nd7
16.Qxb7 Qe6 17.Be2 Nxe5 18.Qa6 Qg6 19.Bxg4 Qxg4 20.Qe2 Qxe2 21.Nxe2 Rfb8
22.Nd4 Rxb2 23.Nxc6 Nxc6 24.Rxc6 a5 25.g3 Ra2 26.Rd1 Rxa3 27.Rxd5 a4 28.Rc7 Ra1+
29.Kg2 a3 30.Rdd7 a2 31.Ra7 Rxa7 32.Rxa7 Kf8  1/2-1/2

[Event "Julian Borowski GM"]
[Site "Essen"]
[Date "1999.03.29"]
[Round "3"]
[White "Christiansen, Larry Mark"]
[Black "Lobron, Eric"]
[Result "1-0"]
[WhiteElo "2581"]
[BlackElo "2553"]

1.e4 c5 2.Nc3 Nc6 3.f4 g6 4.Nf3 Bg7 5.Bb5 Nd4 6.O-O Nxb5 7.Nxb5 d5 8.exd5 a6
9.Nc3 Bd4+ 10.Kh1 Nf6 11.Ne2 Nxd5 12.Nexd4 cxd4 13.Nxd4 Nb4 14.c3 Nc6 15.Nxc6 bxc6
16.d4 Be6 17.b3 Bd5 18.Re1 f5 19.Re5 O-O 20.Ba3 Rf7 21.Qe2 Be4 22.Bc5 Qf8
23.Qf2 Qg7 24.Re1 h6 25.h3 Kh7 26.Qh4 Re8 27.Kh2 e6 28.c4 Rf6 29.Bb4 Rg8
30.Bc3 g5 31.fxg5 Qxg5 32.Qxg5 Rxg5 33.g4 Rfg6  1-0

[Event "Julian Borowski GM"]
[Site "Essen"]
[Date "1999.04.05"]
[Round "9"]
[White "Sutovskij, Emil"]
[Black "Christiansen, Larry Mark"]
[Result "1-0"]
[WhiteElo "2612"]
[BlackElo "2581"]

1.e4 c6 2.d4 d5 3.e5 Bf5 4.Nc3 e6 5.g4 Bg6 6.Nge2 Ne7 7.Nf4 c5 8.h4 cxd4
9.Nb5 Nec6 10.h5 Be4 11.f3 a6 12.fxe4 axb5 13.exd5 exd5 14.Bg2 Bb4+ 15.Kf1 Nxe5
16.Nxd5 Bd6 17.h6 g6 18.Qxd4 O-O 19.Qb6 Qxb6 20.Nxb6 Ra6 21.Be3 Nxg4 22.Bg1 Bh2
23.Bc5 Rd8 24.Bxb7 Be5 25.Re1 Ra7 26.Bf3 Nh2+ 27.Rxh2 Bxh2 28.Nd5 Ra4 29.Be7 Rc8
30.Bf6 Bd6 31.Nb6 Rf8 32.Nxa4 bxa4 33.Rd1 Bf4 34.Bg7 Re8 35.Rd4 g5 36.Rxa4  1-0

[Event "USA-ch G1"]
[Site "Salt Lake City"]
[Date "1999.08.28"]
[Round "5"]
[White "Christiansen, Larry Mark"]
[Black "Fedorowicz, John P"]
[Result "0-1"]
[WhiteElo "2610"]
[BlackElo "2565"]

1.d4 Nf6 2.c4 g6 3.Nc3 Bg7 4.e4 d6 5.f3 O-O 6.Be3 c5 7.Nge2 Nc6 8.d5 Ne5
9.Ng3 e6 10.Be2 exd5 11.cxd5 h5 12.O-O a6 13.Qd2 Re8 14.Bh6 Bh8 15.Bg5 b5
16.Nh1 b4 17.Nd1 h4 18.Bxh4 Nxe4 19.Qh6 Ng3 20.hxg3 Qc7 21.Qd2 f5 22.Ndf2 Qh7
23.Nh3 Nf7 24.Bc4 f4 25.Rae1 Bxh3 26.gxh3 g5 27.Re6 Ne5 28.Bb3 Bg7 29.Bc2 Qh5
30.Qg2 Rxe6 31.dxe6 Nc4 32.Re1 Ne3 33.Rxe3 fxe3 34.Bxg5 e2 35.Bd2 Qe5 36.Be1 Qxe6
37.f4 d5 38.f5 Qe5 39.Qf3 Rf8 40.Kg2 c4 41.b3 cxb3 42.Bxb3 Rxf5 43.Qd3 a5
44.g4 Rf1 45.Bxd5+ Kh8 46.Be4 Qd4  0-1

[Event "New York Open"]
[Site "New York USA"]
[Date "2000.05.05"]
[Round "2"]
[White "Christiansen,L"]
[Black "Matikozian,A"]
[Result "0-1"]
[WhiteElo "2596"]
[BlackElo "2392"]

1.c4 Nf6 2.Nc3 g6 3.e4 d6 4.d4 Bg7 5.h3 O-O 6.Bg5 Nbd7 7.Bd3 c6 8.Nf3 a6
9.O-O b5 10.cxb5 axb5 11.a3 Bb7 12.Qd2 Re8 13.Rad1 e5 14.Bc2 Qa5 15.Bh6 b4
16.axb4 Qxb4 17.Bxg7 Kxg7 18.Rfe1 c5 19.dxe5 dxe5 20.Qe3 c4 21.Rd2 Bc6 22.Bb1 Qc5
23.Qxc5 Nxc5 24.Rd6 Ra6 25.Ba2 Bb7 26.Rxa6 Bxa6 27.Bb1 Rb8 28.Re2 Nd3 29.Bxd3 cxd3
30.Rd2 Nd7 31.Kf1 f6 32.Kg1 Nc5 33.g4 Nb3 34.Rd1 Nd4 35.Nxd4 exd4 36.Na4 Rc8
37.b4 Rc2 38.Nc5 d2 39.Nb3 Bc4 40.Rxd2 Bxb3 41.Rxd4 Rc4 42.Rd7+ Kh6 43.Re7 Rxb4
44.Kg2 g5 45.f3 Bc4 46.Kg3 Rb3 47.Kf2 Rb2+ 48.Kg3 Bf1 49.h4 gxh4+ 50.Kxh4 Rb3
51.Kg3 Be2 52.e5 Rxf3+ 53.Kg2 Re3 54.Re6 Bxg4 55.Rxf6+ Kg5 56.Rf8 Rxe5 57.Kg3 Re3+
58.Kf2 Ra3 59.Kg2 h5 60.Rg8+ Kh4  0-1

[Event "Open"]
[Site "Bermuda BER"]
[Date "2002.02.03"]
[Round "5"]
[White "Alvarez,Joh"]
[Black "Christiansen,L"]
[Result "1/2-1/2"]
[WhiteElo "2379"]
[BlackElo "2571"]

1.d4 Nf6 2.c4 e6 3.Nc3 Bb4 4.e3 O-O 5.Bd3 d5 6.Ne2 c5 7.cxd5 cxd4 8.exd4 Nxd5
9.O-O Nc6 10.Bc2 Bd6 11.Ne4 Be7 12.a3 b6 13.Qd3 g6 14.Bh6 Re8 15.Rac1 Bb7
16.Ba4 Rc8 17.Rfd1 a6 18.b4 Nf6 19.f3 Nxe4 20.fxe4 Bg5 21.Bxg5 Qxg5 22.Qd2 Qxd2
23.Rxd2 Red8 24.Rdc2 b5 25.Bb3 Nxd4 26.Nxd4 Rxc2 27.Nxc2 Rd3 28.Na1 Bxe4
29.Re1 Rc3 30.Kf2 Bf5 31.Ke2 h5 32.Kd2 Rd3+ 33.Kc1 h4 34.Bc2 Rd5 35.Nb3 Kg7
36.Rd1 Bxc2 37.Kxc2 Rg5 38.Rd2 Rf5 39.Nd4 Rf4 40.Kb3 e5 41.Nc6 e4 42.Re2 g5
43.Kc3 Rf1 44.Kd4 f5 45.Ke5 Kf7 46.h3 g4 47.hxg4 fxg4 48.Rxe4 h3 49.gxh3 gxh3
50.Re2 Ra1 51.Kd6 Rxa3 52.Kc5 Kf6 53.Kb6 Kg5 54.Na5 Kg4 55.Kxa6 Kg3 56.Kxb5 h2
57.Rxh2 Kxh2  1/2-1/2

[Event "GMA"]
[Site "Bermuda BER"]
[Date "2003.01.28"]
[Round "4"]
[White "Christiansen,L"]
[Black "Macieja,B"]
[Result "1-0"]
[WhiteElo "2562"]
[BlackElo "2629"]

1.e4 c5 2.Nf3 Nc6 3.d4 cxd4 4.Nxd4 Qc7 5.Nc3 e6 6.f4 Nxd4 7.Qxd4 a6 8.Be3 b5
9.Be2 Bb7 10.O-O Rc8 11.Rfd1 Nf6 12.e5 Nd5 13.Nxd5 Bxd5 14.a4 Be7 15.axb5 axb5
16.c3 Qc6 17.Qb6 Qxb6 18.Bxb6 g5 19.fxg5 Bxg5 20.Bd4 Bc6 21.b4 O-O 22.Rf1 Be7
23.Ra5 Rb8 24.Rf4 Kg7 25.Bf3 Ra8 26.Rg4+ Kh8 27.Rf4 Kg7 28.h4 h6 29.Kf2 Kg6
30.h5+ Kg7 31.Rg4+ Kh7 32.Ke2 Bg5 33.Bc5 Rfc8 34.Bxc6 dxc6 35.Rd4 Rd8 36.Rxa8 Rxa8
37.Rd6 Rc8 38.Rd7 Kg7 39.Kf3 Ra8 40.Ke4 Ra3 41.Rc7 Ra6 42.g3 Bd8 43.Rc8 Bg5
44.Bd4 Bd2 45.g4 Kh7 46.Bf2 Bg5 47.Be3 Bh4 48.Kd4 Kg7 49.Ke4 Be7 50.Rc7 Bd8
51.Rd7 Ra8 52.Ba7 Bh4 53.Bd4 Bd8 54.Rd6 Rc8 55.Be3 Bh4 56.Kd4 Be7 57.Kc5 f6
58.Kb6 Kf7 59.Rxc6 Rb8+ 60.Ka6 fxe5 61.Rc7 Kf6 62.Bxh6 e4 63.g5+ Kf7 64.g6+ Kf6
65.Be3  1-0

[Event "GMA"]
[Site "Bermuda BER"]
[Date "2003.02.02"]
[Round "8"]
[White "Christiansen,L"]
[Black "Miton,K"]
[Result "0-1"]
[WhiteElo "2562"]
[BlackElo "2544"]

1.e4 c6 2.d4 d5 3.exd5 cxd5 4.c4 Nf6 5.Nc3 e6 6.Nf3 Bb4 7.cxd5 Nxd5 8.Qc2 Nc6
9.Be2 O-O 10.O-O Re8 11.Rd1 Bf8 12.a3 Bd7 13.Bg5 Qb6 14.Na4 Qc7 15.Rac1 h6
16.Bh4 Rac8 17.Qb3 Qf4 18.Nc5 Nxd4 19.Nxd4 Bxc5 20.Bg3 Qf6 21.Nf3 Bb6 22.Be5 Qe7
23.Bg3 Rxc1 24.Rxc1 Rc8 25.Rxc8+ Bxc8 26.Ne5 Bd7 27.Qc2 Qd8 28.h3 Be8 29.Bf3 Qc7
30.Qe2 Qc5 31.Kh2 Bc7 32.Qd2 f6 33.Nd3 Bxg3+ 34.fxg3 Qd4 35.Qe2 e5 36.Bxd5+ Qxd5
37.Nb4 Qe6 38.Qd2 Bg6 39.Qd8+ Kh7 40.Qa5 a6 41.Qc5 Qb3 42.Nd5 Be4 43.Nc3 Qc2
44.Nxe4 Qxe4 45.Qc8 Qc6 46.Qd8 e4 47.Qe7 Qd5 48.b3 b6 49.Qa7 Qxb3 50.Qxa6 b5
51.Qc8 Qxa3 52.Qe8 Qd3 53.Qe6 e3 54.g4 e2 55.h4 Qc4 56.Qf5+ Kg8  0-1

[Event "GMA"]
[Site "Bermuda BER"]
[Date "2003.02.04"]
[Round "10"]
[White "Christiansen,L"]
[Black "Markowski,T"]
[Result "0-1"]
[WhiteElo "2562"]
[BlackElo "2574"]

1.e4 c5 2.Nf3 e6 3.c3 d5 4.exd5 Qxd5 5.d4 Nf6 6.Be3 cxd4 7.cxd4 Bb4+ 8.Nc3 O-O
9.Bd3 b6 10.O-O Bxc3 11.bxc3 Ba6 12.Bxa6 Nxa6 13.Qe2 Nb8 14.c4 Qe4 15.Nd2 Qf5
16.Rfc1 Nc6 17.Nb3 Rac8 18.h3 Rfd8 19.a4 h5 20.f3 Nb4 21.a5 Qd3 22.Qxd3 Nxd3
23.Rc3 b5 24.Nc5 bxc4 25.Rxc4 Nd5 26.Bf2 Ne7 27.Bh4 f6 28.Ra3 Nxc5 29.dxc5 Rd1+
30.Kh2 Nc6 31.Bg3 e5 32.f4 Rb8 33.fxe5 Rbb1 34.Bf2 Nxe5 35.Rh4 Rb2 36.Bd4 Rb4
37.Bxe5 Rxh4 38.Bb8 Rc4 39.Bxa7 h4 40.Ra2 Rcc1 41.g4 Rd3 42.Bb8 Rxc5 43.a6 Rdc3
44.Rg2 Ra5 45.a7 Raa3  0-1

[Event "Generation"]
[Site "New York USA"]
[Date "2003.04.30"]
[Round "7"]
[White "Perelshteyn,E"]
[Black "Christiansen,L"]
[Result "1/2-1/2"]
[WhiteElo "2461"]
[BlackElo "2544"]

1.e4 g6 2.d4 Bg7 3.Nf3 d6 4.c3 Nf6 5.Bd3 O-O 6.O-O Nc6 7.Nbd2 e5 8.dxe5 Nxe5
9.Nxe5 dxe5 10.Nc4 Nh5 11.g3 Bh3 12.Re1 Qe7 13.Bf1 Be6 14.Be3 Rfd8 15.Qe2 b6
16.a4 Rd7 17.Red1 Rad8 18.Rxd7 Qxd7 19.a5 f6 20.axb6 axb6 21.Ra7 Qc6 22.Nd2 Bf8
23.Qb5 Qxb5 24.Bxb5 Bc5 25.Nf1 Bd6 26.Bc6 Ng7 27.Kg2 h5 28.h4 Bf7 29.b4 Ne6
30.Nd2 f5 31.Nf3 Rf8 32.Bh6 Rb8 33.Ng5 Nxg5 34.Bxg5 Be8 35.Bd5+ Bf7 36.Bc6 Be8
37.Bd5+ Bf7 38.Bc6 Be8 39.Bd5+ Bf7  1/2-1/2

[Event "Canadian Open"]
[Site "Kapuskasing CAN"]
[Date "2003.07.17"]
[Round "7"]
[White "Moiseenko,A"]
[Black "Christiansen,L"]
[Result "1-0"]
[WhiteElo "2618"]
[BlackElo "2545"]

1.d4 e6 2.Nf3 c5 3.g3 cxd4 4.Nxd4 Nf6 5.Bg2 a6 6.O-O Qc7 7.b3 d5 8.Bb2 e5
9.Nf3 Nc6 10.e3 Be6 11.Nbd2 Rd8 12.c4 dxc4 13.Qc1 c3 14.Bxc3 Nd5 15.Ng5 Bc8
16.Bb2 Be7 17.Ngf3 f6 18.a3 O-O 19.Qc2 Be6 20.Rac1 Qb8 21.Ne4 Rd7 22.b4 Rfd8
23.Rfd1 Nb6 24.Nfd2 Kh8 25.Nc5 Bxc5 26.bxc5 Nc4 27.Nxc4 Rxd1+ 28.Rxd1 Rxd1+
29.Qxd1 Bxc4 30.Qd7 h6 31.Be4 Bg8 32.h4 Bh7 33.Bf3 Bg6 34.Bc3 Be8 35.Qe6 Qd8
36.Bd5 Bh5 37.Kg2 Bg4 38.Qd6 Qc8 39.f3 Bh3+ 40.Kf2 Bd7 41.g4 Na7 42.Ba5 Nc6
43.Bd2 Qe8 44.e4 Kh7 45.Bc3 Bc8 46.Kg3 Ne7 47.Bc4 Qa4 48.Bf7 Qxa3 49.Bd2 Qa1
50.Be3 Qc3 51.Bf2 Qc1 52.Qxe7 Bxg4 53.fxg4 Qf4+ 54.Kg2 Qxg4+ 55.Kf1 Qd1+
56.Kg2 Qg4+ 57.Kh2 Qe2 58.Kg1 Qg4+ 59.Kf1 Qd1+ 60.Kg2 Qg4+ 61.Bg3 Qe2+ 62.Kh3 Qxe4
63.Qd7 Qh1+ 64.Kg4 Qe4+ 65.Kh5 Qc2 66.Qg4 Qxc5 67.Bg6+ Kh8 68.Bf2 Qc6 69.Be4 Qc4
70.Be3 b5 71.Kg6 Kg8 72.Kh5 a5 73.Bg6 Qc6  1-0

[Event "US Amateur Team East"]
[Site "Parsippany USA"]
[Date "2007.02.17"]
[Round "2"]
[White "Christiansen,L"]
[Black "Fleischman,E"]
[Result "1-0"]
[WhiteElo "2572"]
[BlackElo "2075"]

1.c4 Nf6 2.Nc3 c5 3.Nf3 Nc6 4.d4 cxd4 5.Nxd4 d6 6.e4 g6 7.Nc2 Bg7 8.Be2 Nd7
9.Bd2 Nc5 10.O-O Ne6 11.Be3 O-O 12.Qd2 f5 13.exf5 gxf5 14.f4 Rb8 15.Bf3 Qe8
16.Rae1 Qg6 17.b4 Ra8 18.Nd5 Re8 19.b5 Nb8 20.Qd1 Qf7 21.Bh5 Qf8 22.Bxe8 Qxe8
23.Nd4  1-0

[Event "USCL KO T/B 2008"]
[Site "ICC INT"]
[Date "2008.12.06"]
[Round "3"]
[White "Kuljasevic,D"]
[Black "Christiansen,L"]
[Result "1/2-1/2"]
[WhiteElo "2521"]
[BlackElo "2588"]

1.d4 Nf6 2.c4 e6 3.Nc3 Bb4 4.Qc2 O-O 5.e4 d5 6.e5 Ne4 7.Bd3 c5 8.Ne2 cxd4
9.Nxd4 Nd7 10.Bf4 Qb6 11.Nb3 f6 12.Be3 Qc7 13.Bxe4 dxe4 14.exf6 Nxf6 15.a3 Bxc3+
16.Qxc3 e5 17.O-O Be6 18.Rac1 Rad8 19.Nc5 Bf7 20.h3 b6 21.Na6 Qc8 22.Nb4 a5
23.Na2 Rd3 24.Qxe5 Qb7 25.Rc2 b5 26.Nc1 bxc4 27.Nxd3 exd3 28.Rcc1 Re8 29.Qxa5 Qxb2
30.Rb1 Qe2 31.Rfe1 Qa2 32.Ra1 Qb2 33.Rab1 Qa2 34.Ra1 Qb2 35.Rab1 Qa2  1/2-1/2

[Event "USCL KO T/B 2008"]
[Site "ICC INT"]
[Date "2008.12.06"]
[Round "3"]
[White "Christiansen,L"]
[Black "Kuljasevic,D"]
[Result "0-1"]
[WhiteElo "2588"]
[BlackElo "2521"]

1.c4 Nf6 2.Nc3 e5 3.Nf3 Nc6 4.g3 Bc5 5.Bg2 O-O 6.O-O d6 7.a3 a6 8.e3 Ba7
9.b3 Bf5 10.d4 exd4 11.Nxd4 Nxd4 12.exd4 c6 13.d5 Qd7 14.Bb2 Rfe8 15.Qd2 c5
16.Rae1 b5 17.Nd1 bxc4 18.bxc4 Bb6 19.Bxf6 gxf6 20.Ne3 Bg6 21.f4 f5 22.Bh3 Re4
23.Rb1 Bd8 24.Qd3 Rd4 25.Qc2 Qe7 26.Rb3 Ba5 27.Nxf5 Bxf5 28.Qxf5 Rxc4 29.Rfb1 Re8
30.Rb8 Qe3+ 31.Kh1 Rc1+ 32.Bf1 Qf3+ 33.Kg1 Qxf1+  0-1